000 00264nam a2200097Ia 4500
001 889352
005 20250826182911.0
008 250824s9999 xx 000 0 und d
245 0 _aSİYONİZM VE FİLİSTİN SORUNU
_cMİM KEMAL ÖKE
260 _bKIRMIZI KEDİ YAYINLARI
999 _c889352
_d889352